000
00308nam a2200121Ia 4500
008
191201s2012 xx 000 0 und d
100
_a
WEISS, Mark Allen
245
0
_a
Data structures and algorithm analysis in C
250
_a
2nd
260
_c
2012
_b
pearson
_a
NEW DELHI
300
_a
527
942
_2
ddc
_c
BK
_0
3
999
_c
7820
_d
7820